000 01608nam a22004457a 4500
001 000095818
003 CHAP
005 20220329143125.0
008 060529d2006 mx r 00110 spa d
010 _a92284
011 _a93256
035 _a103828
040 _cCHAP
090 _aTesis
100 1 _aBenítez Trujillo, Benito.
_911660
245 1 0 _aDescripción y análisis cualitativo del impacto del PRODEFOR en una región específica del estado de Durango, México /
_c/por Rufino Benítez Trujillo.
260 _aChapingo, Méx. :
_bEl autor,
_c2006.
300 _a154 h.
502 _aTesis (Ing. Agr. Esp. en Bosques) - - UACH. División de Ciencias Forestales
590 _aALEPH
_b10
_c20130110
_lUCH01
_h1512
590 _aBATCH-UPD
_b10
_c20130110
_lUCH01
_h0833
590 _aBATCH-UPD
_b10
_c20130410
_lUCH01
_h0511
590 _aBATCH-UPD
_b10
_c20130914
_lUCH01
_h0723
590 _aBATCH-UPD
_b10
_c20140324
_lUCH01
_h1457
590 _aBATCH-UPD
_b10
_c20141002
_lUCH01
_h0830
590 _aBATCH
_b00
_c20181121
_lUCH01
_h0759
590 _aCONVERSION
_b10
_c20130109
_lUCH01
_h1351
590 _aE5765TAJ
_b10
_c20130610
_lUCH01
_h1409
650 0 4 _aBosques
_xDurango.
_914128
650 0 4 _aDesarrollo forestal.
_932059
650 0 4 _aPolítica forestal
_xDurango.
_990576
856 _3Finding aid
_uhttp://10.13.5.2/tesis/103828.pdf
_zTeclea aquí
856 _a1
_n0000933
901 _aBK
905 _aLilia
942 _cCD
942 _n0
949 _aTesis
_bBC
_cTES
_d00000001038281
_eTS1
_h45335
_i103828
_sb
949 _aTesis
_bBC
_cTES
_d33724000988010
_eTS2
_fc.2
_h45336
_i103828
_sb
999 _c92284
_d92284